Catálogo
 En Linea

Documentos para la historia de las relaciones domínico-americanas / (Registro nro. 6181)

Detalles MARC
000 -CABECERA
campo de control de longitud fija 01108nam a2200241 a 4500
001 - NÚMERO DE CONTROL
campo de control 000006386
005 - FECHA Y HORA DE LA ÚLTIMA TRANSACCIÓN
campo de control 20200929153926.0
008 - DATOS DE LONGITUD FIJA--INFORMACIÓN GENERAL
campo de control de longitud fija 090828t19871994dr 001 0 spa d
040 ## - FUENTE DE LA CATALOGACIÓN
Centro catalogador/agencia de origen DO-SdBNP
Lengua de catalogación spa
Centro/agencia transcriptor BNPHU
082 ## - NÚMERO DE LA CLASIFICACIÓN DECIMAL DEWEY
Número de clasificación 327.7293073
Número de documento/Ítem L817d
100 1# - ENTRADA PRINCIPAL--NOMBRE DE PERSONA
Nombre de persona Lockward Pérez, Jorge Alfonso,
Fechas asociadas al nombre 1937-2001
9 (RLIN) 2059
245 10 - MENCIÓN DE TÍTULO
Título Documentos para la historia de las relaciones domínico-americanas /
Mención de responsabilidad, etc. Alfonso Lockward.
260 ## - PUBLICACIÓN, DISTRIBUCIÓN, ETC.
Lugar de publicación, distribución, etc. Santo Domingo :
Nombre del editor, distribuidor, etc. Corripio; Taller,
Fecha de publicación, distribución, etc. 1987-1994.
300 ## - DESCRIPCIÓN FÍSICA
Extensión v. ;
Dimensiones 23 cm.
500 ## - NOTA GENERAL
Nota general Incluye índice onomástico.
500 ## - NOTA GENERAL
Nota general El v.1 publicado por la Editora Corripio y v.2 publicado por la Editora Taller
505 0# - NOTA DE CONTENIDO CON FORMATO
Información miscelánea v.1.
Título (1837-1860).
Información miscelánea v.2.
Título La doctrina de Monroe y Santo Domingo (1823-1868); documentos del 1861-1868.
590 ## - NOTA LOCAL (RLIN)
Nota local Inventariado, 2018/BT
651 #4 - PUNTO DE ACCESO ADICIONAL DE MATERIA--NOMBRE GEOGRÁFICO
Nombre geográfico República Dominicana
Subdivisión general Relaciones Exteriores
Subdivisión geográfica Estados Unidos
Subdivisión general Colecciones De Escritos
9 (RLIN) 17761
651 #4 - PUNTO DE ACCESO ADICIONAL DE MATERIA--NOMBRE GEOGRÁFICO
Nombre geográfico Estados Unidos
Subdivisión general Relaciones Exteriores
Subdivisión geográfica República Dominicana
Subdivisión general Colecciones De Escritos
9 (RLIN) 17762
651 #4 - PUNTO DE ACCESO ADICIONAL DE MATERIA--NOMBRE GEOGRÁFICO
Nombre geográfico República Dominicana
Subdivisión general Historia
9 (RLIN) 170
910 ## - DATOS DE OPCIÓN DEL USUARIO (OCLC)
Datos de opción del usuario Validado. Control de calidad. EMS
Existencias
Estado de retiro Estado de pérdida Restricciones de uso No para préstamo Código de colección Localización permanente Ubicación/localización actual Ubicación en estantería Fecha de adquisición Número de inventario Total de préstamos Signatura topográfica completa Código de barras Fecha visto por última vez Precio válido a partir de Tipo de ítem Koha Nota pública
        Patrimonio Dominicano General General Depósito 29.05.2018 LF1   v.1, e.3 6386-30 25.06.2020 25.06.2020 Libro y Folleto Colección Patrimonio Dominicano Perteneció a la biblioteca personal de la familia Reyes Duluc.
      Excluido de préstamo Patrimonio Dominicano General General Depósito 30.07.2019 LF1   v.2, e.2 6386-50 25.06.2020 25.06.2020 Libro y Folleto Colección Patrimonio Dominicano  
      Excluido de préstamo Patrimonio Dominicano Patrimonio Dominicano Patrimonio Dominicano Depósito 28.08.2009 LF1   v.1 6386-10 25.06.2020 25.06.2020 Libro y Folleto Colección Patrimonio Dominicano  
      Excluido de préstamo Patrimonio Dominicano Patrimonio Dominicano Patrimonio Dominicano Depósito 16.04.2013 LF1   v.1, e.2 6386-20 25.06.2020 25.06.2020 Libro y Folleto Colección Patrimonio Dominicano  
      Excluido de préstamo Patrimonio Dominicano Patrimonio Dominicano Patrimonio Dominicano Depósito 29.05.2018 LF1   v.2 6386-40 25.06.2020 25.06.2020 Libro y Folleto Colección Patrimonio Dominicano  

Con tecnología Koha